000 00279nam a2200121Ia 4500
008 190216s9999||||xx |||||||||||||| ||und||
100 _aVasishta. Pc
245 0 _aTaxonomy Of Angiosperms
260 _bRchand And Company
_c1986
300 _a884p
650 _aBotany
942 _cBK
999 _c1220
_d1220